MARC

LEADER 00000nam0a2200000 4500
001 321588
005 20231102003406.0
035 |a (RuTPU)RU\TPU\book\347144 
090 |a 321588 
100 |a 20160830d1971 km y0rusy50 ca 
101 1 |a rus  |c pol 
102 |a RU 
105 |a y z 000zy 
200 1 |a Израиль и ФРГ  |e пер. с пол.  |f Т. Валихновский  |g авт. предисл. М. Войцеховский 
210 |a Москва  |c Прогресс  |d 1971 
215 |a 108 с. 
606 1 |a Международные отношения  |y Европа  |2 stltpush  |3 (RuTPU)RU\TPU\subj\73119  |9 86320 
606 1 |a Международные отношения в Азии  |2 stltpush  |3 (RuTPU)RU\TPU\subj\68723  |9 83889 
610 1 |a Израиль 
610 1 |a ФРГ 
610 1 |a сионизм 
610 1 |a милитаризм 
610 1 |a международные договора 
610 1 |a внешняя политика 
610 1 |a реваншизм 
610 1 |a история 
610 1 |a 20 век 
686 |a Ф4(4)  |v LBC/SL-A  |2 rubbk 
686 |a Ф4(5)  |v LBC/SL-A  |2 rubbk 
700 1 |a Валихновский  |b Т.  |g Тадеуш 
702 1 |a Войцеховский  |b М.  |4 080 
801 1 |a RU  |b 63413507  |c 20160830 
801 2 |a RU  |b 63413507  |c 20221024  |g RCR 
942 |c BK